<?xml version="1.0" encoding="UTF-8"?>
<marc:record xmlns:marc="http://www.loc.gov/MARC21/slim" type="Bibliographic">
   <marc:leader>00000nam a2200000 c 4500</marc:leader>
   <marc:controlfield tag="001">973469226</marc:controlfield>
   <marc:controlfield tag="003">DE-101</marc:controlfield>
   <marc:controlfield tag="005">20171203174046.0</marc:controlfield>
   <marc:controlfield tag="007">tu</marc:controlfield>
   <marc:controlfield tag="008">050118s2004    gw ||||| |||| 00||||ger  </marc:controlfield>
   <marc:datafield ind1=" " ind2=" " tag="015">
      <marc:subfield code="a">05,B17,0371</marc:subfield>
      <marc:subfield code="2">dnb</marc:subfield>
   </marc:datafield>
   <marc:datafield ind1="7" ind2=" " tag="016">
      <marc:subfield code="2">DE-101</marc:subfield>
      <marc:subfield code="a">973469226</marc:subfield>
   </marc:datafield>
   <marc:datafield ind1=" " ind2=" " tag="020">
      <marc:subfield code="a">9783910010857 (Museumsausg.)</marc:subfield>
      <marc:subfield code="c"> kart.</marc:subfield>
      <marc:subfield code="9">978-3-910010-85-7</marc:subfield>
   </marc:datafield>
   <marc:datafield ind1=" " ind2=" " tag="020">
      <marc:subfield code="a">3910010857 (Museumsausg.)</marc:subfield>
      <marc:subfield code="c"> kart.</marc:subfield>
      <marc:subfield code="9">3-910010-85-7</marc:subfield>
   </marc:datafield>
   <marc:datafield ind1=" " ind2=" " tag="020">
      <marc:subfield code="a">9783806219074 (Buchhandelsausg.)</marc:subfield>
      <marc:subfield code="9">978-3-8062-1907-4</marc:subfield>
   </marc:datafield>
   <marc:datafield ind1=" " ind2=" " tag="020">
      <marc:subfield code="a">3806219079 (Buchhandelsausg.)</marc:subfield>
      <marc:subfield code="9">3-8062-1907-9</marc:subfield>
   </marc:datafield>
   <marc:datafield ind1=" " ind2=" " tag="035">
      <marc:subfield code="a">(DE-599)DNB973469226</marc:subfield>
   </marc:datafield>
   <marc:datafield ind1=" " ind2=" " tag="035">
      <marc:subfield code="a">(OCoLC)723134471</marc:subfield>
   </marc:datafield>
   <marc:datafield ind1=" " ind2=" " tag="040">
      <marc:subfield code="a">1130</marc:subfield>
      <marc:subfield code="b">ger</marc:subfield>
      <marc:subfield code="c">DE-101</marc:subfield>
      <marc:subfield code="d">9999</marc:subfield>
   </marc:datafield>
   <marc:datafield ind1=" " ind2=" " tag="041">
      <marc:subfield code="a">ger</marc:subfield>
   </marc:datafield>
   <marc:datafield ind1=" " ind2=" " tag="044">
      <marc:subfield code="c">XA-DE</marc:subfield>
   </marc:datafield>
   <marc:datafield ind1="7" ind2="4" tag="082">
      <marc:subfield code="a">730</marc:subfield>
      <marc:subfield code="a">930</marc:subfield>
      <marc:subfield code="a">520</marc:subfield>
      <marc:subfield code="q">DE-101</marc:subfield>
      <marc:subfield code="2">22sdnb</marc:subfield>
   </marc:datafield>
   <marc:datafield ind1=" " ind2=" " tag="090">
      <marc:subfield code="a">b</marc:subfield>
   </marc:datafield>
   <marc:datafield ind1="0" ind2="0" tag="245">
      <marc:subfield code="a">&#x98;Der&#x9c; geschmiedete Himmel</marc:subfield>
      <marc:subfield code="b">die weite Welt im Herzen Europas vor 3600 Jahren ; [Begleitband zur Sonderausstellung, Landesmuseum für Vorgeschichte, Halle (Saale) vom 15. Oktober 2004 bis 24. April 2005 ; Dänisches Nationalmuseum, Kopenhagen vom 01. Juli 2005 bis 22. Oktober 2005 ; Reiss-Engelhorn-Museum, Mannheim vom 04. März 2006 bis 09. Juli 2006]</marc:subfield>
      <marc:subfield code="c">Landesamt für Denkmalpflege und Archäologie Sachsen-Anhalt, Landesmuseum für Vorgeschichte. Hrsg. von Harald Meller</marc:subfield>
   </marc:datafield>
   <marc:datafield ind1=" " ind2="1" tag="264">
      <marc:subfield code="a">Halle</marc:subfield>
      <marc:subfield code="b">Landesmuseum für Vorgeschichte</marc:subfield>
      <marc:subfield code="c">2004</marc:subfield>
   </marc:datafield>
   <marc:datafield ind1=" " ind2=" " tag="300">
      <marc:subfield code="a">205 S.</marc:subfield>
      <marc:subfield code="b">zahlr. Ill., graph. Darst., Kt.</marc:subfield>
      <marc:subfield code="c">31 cm</marc:subfield>
   </marc:datafield>
   <marc:datafield ind1=" " ind2=" " tag="336">
      <marc:subfield code="a">Text</marc:subfield>
      <marc:subfield code="b">txt</marc:subfield>
      <marc:subfield code="2">rdacontent</marc:subfield>
   </marc:datafield>
   <marc:datafield ind1=" " ind2=" " tag="336">
      <marc:subfield code="a">unbewegtes Bild</marc:subfield>
      <marc:subfield code="b">sti</marc:subfield>
      <marc:subfield code="2">rdacontent</marc:subfield>
   </marc:datafield>
   <marc:datafield ind1=" " ind2=" " tag="337">
      <marc:subfield code="a">ohne Hilfsmittel zu benutzen</marc:subfield>
      <marc:subfield code="b">n</marc:subfield>
      <marc:subfield code="2">rdamedia</marc:subfield>
   </marc:datafield>
   <marc:datafield ind1=" " ind2=" " tag="338">
      <marc:subfield code="a">Band</marc:subfield>
      <marc:subfield code="b">nc</marc:subfield>
      <marc:subfield code="2">rdacarrier</marc:subfield>
   </marc:datafield>
   <marc:datafield ind1=" " ind2=" " tag="500">
      <marc:subfield code="a">Literaturverz. S. 198 - 203</marc:subfield>
   </marc:datafield>
   <marc:datafield ind1="0" ind2="7" tag="630">
      <marc:subfield code="0">(DE-588)4801903-3</marc:subfield>
      <marc:subfield code="0">http://d-nb.info/gnd/4801903-3</marc:subfield>
      <marc:subfield code="0">(DE-101)972651829</marc:subfield>
      <marc:subfield code="a">Himmelsscheibe von Nebra</marc:subfield>
      <marc:subfield code="2">gnd</marc:subfield>
   </marc:datafield>
   <marc:datafield ind1=" " ind2="7" tag="650">
      <marc:subfield code="0">(DE-588)4143483-3</marc:subfield>
      <marc:subfield code="0">http://d-nb.info/gnd/4143483-3</marc:subfield>
      <marc:subfield code="0">(DE-101)041434838</marc:subfield>
      <marc:subfield code="a">Aunjetitzer Kultur</marc:subfield>
      <marc:subfield code="2">gnd</marc:subfield>
   </marc:datafield>
   <marc:datafield ind1=" " ind2="7" tag="650">
      <marc:subfield code="0">(DE-588)4112835-7</marc:subfield>
      <marc:subfield code="0">http://d-nb.info/gnd/4112835-7</marc:subfield>
      <marc:subfield code="0">(DE-101)041128354</marc:subfield>
      <marc:subfield code="a">Bronzedepotfund</marc:subfield>
      <marc:subfield code="2">gnd</marc:subfield>
   </marc:datafield>
   <marc:datafield ind1=" " ind2="7" tag="651">
      <marc:subfield code="0">(DE-588)4298957-7</marc:subfield>
      <marc:subfield code="0">http://d-nb.info/gnd/4298957-7</marc:subfield>
      <marc:subfield code="0">(DE-101)042989574</marc:subfield>
      <marc:subfield code="a">Nebra (Unstrut)</marc:subfield>
      <marc:subfield code="2">gnd</marc:subfield>
   </marc:datafield>
   <marc:datafield ind1=" " ind2="7" tag="655">
      <marc:subfield code="0">(DE-588)4135467-9</marc:subfield>
      <marc:subfield code="0">http://d-nb.info/gnd/4135467-9</marc:subfield>
      <marc:subfield code="0">(DE-101)041354672</marc:subfield>
      <marc:subfield code="a">Ausstellungskatalog</marc:subfield>
      <marc:subfield code="y">2004</marc:subfield>
      <marc:subfield code="z">Halle (Saale)</marc:subfield>
      <marc:subfield code="2">gnd-content</marc:subfield>
   </marc:datafield>
   <marc:datafield ind1=" " ind2="7" tag="655">
      <marc:subfield code="a">Ausstellung</marc:subfield>
      <marc:subfield code="z">Halle &lt;Saale, 2004&gt;</marc:subfield>
      <marc:subfield code="2">gnd</marc:subfield>
   </marc:datafield>
   <marc:datafield ind1=" " ind2="7" tag="655">
      <marc:subfield code="a">Ausstellung</marc:subfield>
      <marc:subfield code="z">Halle &lt;Saale, 2004&gt;</marc:subfield>
      <marc:subfield code="2">gnd</marc:subfield>
   </marc:datafield>
   <marc:datafield ind1="0" ind2="0" tag="689">
      <marc:subfield code="0">(DE-588)4298957-7</marc:subfield>
      <marc:subfield code="0">http://d-nb.info/gnd/4298957-7</marc:subfield>
      <marc:subfield code="0">(DE-101)042989574</marc:subfield>
      <marc:subfield code="D">g</marc:subfield>
      <marc:subfield code="a">Nebra (Unstrut)</marc:subfield>
   </marc:datafield>
   <marc:datafield ind1="0" ind2="1" tag="689">
      <marc:subfield code="0">(DE-588)4143483-3</marc:subfield>
      <marc:subfield code="0">http://d-nb.info/gnd/4143483-3</marc:subfield>
      <marc:subfield code="0">(DE-101)041434838</marc:subfield>
      <marc:subfield code="D">s</marc:subfield>
      <marc:subfield code="a">Aunjetitzer Kultur</marc:subfield>
   </marc:datafield>
   <marc:datafield ind1="0" ind2="2" tag="689">
      <marc:subfield code="0">(DE-588)4112835-7</marc:subfield>
      <marc:subfield code="0">http://d-nb.info/gnd/4112835-7</marc:subfield>
      <marc:subfield code="0">(DE-101)041128354</marc:subfield>
      <marc:subfield code="D">s</marc:subfield>
      <marc:subfield code="a">Bronzedepotfund</marc:subfield>
   </marc:datafield>
   <marc:datafield ind1="0" ind2="3" tag="689">
      <marc:subfield code="A">f</marc:subfield>
      <marc:subfield code="a">Ausstellung</marc:subfield>
   </marc:datafield>
   <marc:datafield ind1="0" ind2="4" tag="689">
      <marc:subfield code="A">g</marc:subfield>
      <marc:subfield code="a">Halle &lt;Saale, 2004&gt;</marc:subfield>
   </marc:datafield>
   <marc:datafield ind1="0" ind2=" " tag="689">
      <marc:subfield code="5">DE-101</marc:subfield>
      <marc:subfield code="5">DE-101</marc:subfield>
   </marc:datafield>
   <marc:datafield ind1="1" ind2="0" tag="689">
      <marc:subfield code="0">(DE-588)4801903-3</marc:subfield>
      <marc:subfield code="0">http://d-nb.info/gnd/4801903-3</marc:subfield>
      <marc:subfield code="0">(DE-101)972651829</marc:subfield>
      <marc:subfield code="D">u</marc:subfield>
      <marc:subfield code="a">Himmelsscheibe von Nebra</marc:subfield>
   </marc:datafield>
   <marc:datafield ind1="1" ind2="1" tag="689">
      <marc:subfield code="A">f</marc:subfield>
      <marc:subfield code="a">Ausstellung</marc:subfield>
   </marc:datafield>
   <marc:datafield ind1="1" ind2="2" tag="689">
      <marc:subfield code="A">g</marc:subfield>
      <marc:subfield code="a">Halle &lt;Saale, 2004&gt;</marc:subfield>
   </marc:datafield>
   <marc:datafield ind1="1" ind2=" " tag="689">
      <marc:subfield code="5">DE-101</marc:subfield>
      <marc:subfield code="5">DE-101</marc:subfield>
   </marc:datafield>
   <marc:datafield ind1="1" ind2=" " tag="700">
      <marc:subfield code="0">(DE-588)122803256</marc:subfield>
      <marc:subfield code="0">http://d-nb.info/gnd/122803256</marc:subfield>
      <marc:subfield code="0">(DE-101)122803256</marc:subfield>
      <marc:subfield code="a">Meller, Harald</marc:subfield>
      <marc:subfield code="d">1960-</marc:subfield>
      <marc:subfield code="e">Herausgeber</marc:subfield>
      <marc:subfield code="4">edt</marc:subfield>
   </marc:datafield>
   <marc:datafield ind1="2" ind2=" " tag="710">
      <marc:subfield code="0">(DE-588)1006332-8</marc:subfield>
      <marc:subfield code="0">http://d-nb.info/gnd/1006332-8</marc:subfield>
      <marc:subfield code="0">(DE-101)004035607</marc:subfield>
      <marc:subfield code="a">Landesmuseum für Vorgeschichte</marc:subfield>
      <marc:subfield code="g">Halle (Saale)</marc:subfield>
      <marc:subfield code="e">Herausgebendes Organ</marc:subfield>
      <marc:subfield code="4">isb</marc:subfield>
   </marc:datafield>
   <marc:datafield ind1=" " ind2=" " tag="850">
      <marc:subfield code="a">DE-101a</marc:subfield>
      <marc:subfield code="a">DE-101b</marc:subfield>
   </marc:datafield>
   <marc:datafield ind1="r" ind2=" " tag="925">
      <marc:subfield code="a">rb</marc:subfield>
   </marc:datafield>
</marc:record>
